000 00655nam a2200193Ia 4500
003 GCL
008 140319s9999 xx 000 0 ara d
040 _aGCL /
_cGCL
082 0 4 _a810.9
_bم ا
100 1 _aمحمد حسين هيكل
245 1 0 _aالادب والحياة المصرية: دراسات فى شعر البارودى وشوقى وحافظ /
_cمحمد حسين هيكل
260 _a[S.N] :
_bدار الهلال للطباعة والنشر ،
_c1992
300 _a193 ص
490 _a
650 0 4 _aالادب العربى
650 0 4 _aالشعراء العرب
650 0 4 _aالادباء المصريون
942 _2ddc
_cBK
999 _c35645
_d35645